[Event "ESP-ch FEDC 29th"]
[Site "San Fernando"]
[Date "2020.11.23"]
[Round "7"]
[White "Torres Torres, Victoria"]
[Black "Urlezaga Mandaluniz, Jose A"]
[Result "1-0"]
[WhiteElo "1055"]
[BlackElo "1151"]
[PlyCount "117"]
[EventDate "2020.11.17"]
[EventType "swiss"]
[EventRounds "7"]
[EventCountry "ESP"]
[SourceTitle "EXT 2024"]
[Source "ChessBase"]
[SourceDate "2023.10.10"]
[SourceVersion "1"]
[SourceVersionDate "2023.10.10"]
[SourceQuality "1"]

1. c4 c5 2. Nc3 e6 3. e4 Nc6 4. Nce2 Nf6 5. Ng3 Be7 6. Nf3 0-0 7. Be2 Ng4 8. 0-0 Nge5 9. d4 Nxc4 10. Bxc4 a6 11. Be3 cxd4 12. Nxd4 Ne5 13. Bb3 Qc7 14. Bc2 Nc4 15. Bd2 Nxb2 16. Qe2 Nc4 17. Nf3 e5 18. Bg5 d6 19. Bxe7 Qxe7 20. Qxc4 Be6 21. Qe2 Rac8 22. Bb3 Bg4 23. Nf5 Qf6 24. Qd3 Bxf5 25. exf5 Rc7 26. Bd5 Rd7 27. Be4 g6 28. fxg6 fxg6 29. Bd5+ Kh8 30. Qe3 Re7 31. Ng5 Qf4 32. Qg3 Rf5 33. Ne6 Qh6 34. Rac1 Re8 35. Nc7 Rd8 36. Bxb7 Rg5 37. Qf3 Rf8 38. Qd5 Rd8 39. Ne6 Rb8 40. Nxg5 Qxg5 41. Rc8+ Rxc8 42. Bxc8 Qf6 43. Qe6 Qf8 44. Bxa6 Qd8 45. Qc8 Qg8 46. Qxg8+ Kxg8 47. Bc4+ Kf8 48. Rd1 Ke7 49. a4 Kd7 50. a5 Kc7 51. Rd5 Kb8 52. Rxd6 e4 53. Bd5 Ka7 54. Bxe4 Kb8 55. Bd3 Ka7 56. Rd7+ Kb8 57. a6 g5 58. a7+ Ka8 59. Be4# 1-0

[Event "ESP-ch FEDC 29th"]
[Site "San Fernando"]
[Date "2020.11.21"]
[Round "5"]
[White "Garcia Lorenzo, Jaime"]
[Black "Urlezaga Mandaluniz, Jose A"]
[Result "1-0"]
[WhiteElo "1224"]
[BlackElo "1151"]
[PlyCount "109"]
[EventDate "2020.11.17"]
[EventType "swiss"]
[EventRounds "7"]
[EventCountry "ESP"]
[SourceTitle "EXT 2024"]
[Source "ChessBase"]
[SourceDate "2023.10.10"]
[SourceVersion "1"]
[SourceVersionDate "2023.10.10"]
[SourceQuality "1"]

1. d4 d5 2. Nf3 Nf6 3. e3 e6 4. b3 Be7 5. Bd3 0-0 6. Bb2 c5 7. 0-0 Nc6 8. a3 Nd7 9. Ne5 f5 10. f4 Nf6 11. Nd2 Ne4 12. Rf3 Nxe5 13. dxe5 c4 14. bxc4 Nc5 15. Be2 b6 16. Rh3 Bb7 17. Nf3 Na4 18. Bd4 dxc4 19. Bxc4 Kh8 20. Bxe6 Be4 21. Bb3 Nc5 22. Ba2 Bxf3 23. Qxf3 g6 24. Rxh7+ Kxh7 25. Qh3+ Kg7 26. e6+ Bf6 27. Bxf6+ Qxf6 28. Rd1 Rae8 29. Qf3 Re7 30. Bc4 Nxe6 31. Rd6 Qa1+ 32. Kf2 Nd4 33. Rxg6+ Kxg6 34. Qg3+ Kh7 35. Qh4+ Kg6 36. Qg5+ Kh7 37. Qxe7+ Kg6 38. Qxf8 Nxc2 39. Qd6+ Kh7 40. Qe7+ Kh8 41. Qf8+ Kh7 42. Qxf5+ Kg7 43. Qxc2 Qf6 44. g3 Qc6 45. Qc3+ Kf8 46. Qd4 Qa4 47. Qf6+ Ke8 48. Qe6+ Kd8 49. h4 Qc2+ 50. Kf3 Qd1+ 51. Ke4 Qb1+ 52. Ke5 Qb2+ 53. Kd5 Qd2+ 54. Kc6 Qa5 55. Qd7# 1-0

[Event "Benidorm op 24th"]
[Site "Benidorm"]
[Date "2020.10.08"]
[Round "7"]
[White "Martinez Torres, Jose Manuel"]
[Black "Urlezaga Mandaluniz, Jose A"]
[Result "1-0"]
[WhiteElo "1478"]
[BlackElo "1149"]
[PlyCount "39"]
[EventDate "2020.10.02"]
[EventType "tourn"]
[EventRounds "7"]
[EventCountry "ESP"]
[SourceTitle "EXT 2024"]
[Source "ChessBase"]
[SourceDate "2023.10.10"]
[SourceVersion "1"]
[SourceVersionDate "2023.10.10"]
[SourceQuality "1"]

1. e4 e6 2. d4 c5 3. c3 Be7 4. Bd3 Qc7 5. Ne2 c4 6. Bc2 Nf6 7. 0-0 0-0 8. Ng3 g6 9. Nd2 Ne8 10. e5 Ng7 11. Nde4 Kh8 12. Nf6 Ne8 13. Bh6 Ng7 14. h4 Rd8 15. h5 Bxf6 16. exf6 Nf5 17. Nxf5 exf5 18. hxg6 fxg6 19. f7 Qd6 20. Re1 1-0

[Event "Linares FEDC-ch 24th"]
[Site "Linares"]
[Date "2014.11.18"]
[Round "3"]
[White "Urlezaga Mandaluniz, Jose A"]
[Black "Garcia Cruz, Francisco"]
[Result "0-1"]
[WhiteElo "1284"]
[BlackElo "1500"]
[PlyCount "58"]
[EventDate "2014.11.16"]
[EventType "swiss"]
[EventRounds "8"]
[EventCountry "ESP"]
[SourceTitle "CBM 163 Extra"]
[Source "ChessBase"]
[SourceDate "2014.12.23"]
[SourceVersion "1"]
[SourceVersionDate "2014.12.23"]
[SourceQuality "1"]

1. e4 e5 2. Nf3 Nc6 3. Bc4 Bc5 4. 0-0 Nf6 5. Ng5 0-0 6. c3 h6 7. Nf3 Nxe4 8. d4 exd4 9. cxd4 Bb6 10. Bd5 Nf6 11. Bb3 d5 12. Nc3 Bg4 13. Be3 a6 14. Na4 Bxf3 15. Qxf3 Nxd4 16. Qd1 Nxb3 17. Qxb3 Bxe3 18. Qxe3 Re8 19. Qd4 Re4 20. Qd1 Qd6 21. Nc3 Rh4 22. g3 Rh5 23. Qf3 Re8 24. Kg2 Ree5 25. Rg1 Rhf5 26. Qd3 Qe6 27. Qd4 Rh5 28. Kf1 Rxh2 29. Rg2 Rh1+ 0-1

[Event "Linares FEDC-ch 24th"]
[Site "Linares"]
[Date "2014.11.16"]
[Round "1"]
[White "Urlezaga Mandaluniz, Jose A"]
[Black "Martinez Colomar, Alejandro"]
[Result "0-1"]
[WhiteElo "1284"]
[BlackElo "1747"]
[PlyCount "64"]
[EventDate "2014.11.16"]
[EventType "swiss"]
[EventRounds "8"]
[EventCountry "ESP"]
[SourceTitle "CBM 163 Extra"]
[Source "ChessBase"]
[SourceDate "2014.12.23"]
[SourceVersion "1"]
[SourceVersionDate "2014.12.23"]
[SourceQuality "1"]

1. e4 c5 2. Nf3 d6 3. d4 cxd4 4. Nxd4 Nf6 5. Nc3 g6 6. Be2 Bg7 7. Be3 0-0 8. Qd2 Ng4 9. Bxg4 Bxg4 10. h3 Bd7 11. 0-0-0 Nc6 12. Nce2 Rc8 13. Bh6 Nxd4 14. Nxd4 Qb6 15. Bxg7 Kxg7 16. Nb3 Be6 17. Kb1 Rc4 18. c3 Rxe4 19. Nc1 Rc8 20. f3 Rec4 21. Ne2 a5 22. g4 a4 23. h4 h6 24. h5 g5 25. f4 f6 26. f5 Bf7 27. Rc1 Rxg4 28. Rhf1 Rg2 29. c4 Bxc4 30. Rfe1 Qf2 31. a3 Bxe2 32. Rxc8 Bd3+ 0-1